| 000 | 00830nam a22001937a 4500 | ||
|---|---|---|---|
| 999 |
_c61807 _d61807 |
||
| 003 | Ge_BSU | ||
| 005 | 20240516103552.0 | ||
| 008 | 240516s2011 ge ||||| |||| 00| 0 geo d | ||
| 020 | _a9789941114564 | ||
| 041 | _ageo | ||
| 080 | _a821.111-31 ბ-27 | ||
| 100 |
_aბარნსი, ჯულიან _922102 |
||
| 245 |
_aდასასრულის განცდა : _b[რომანი] / _cჯულიან ბარნსი; ინგლისურიდან თარგმნა ზაზა ჭილაძემ. |
||
| 264 |
_aთბილისი : _bდიოგენე, _c2011. |
||
| 300 |
_a176 გვ. ; _b19 სმ. |
||
| 653 | _aინგლისური პროზა | ||
| 700 |
_aჭილაძე, ზაზა _eმთარგმნელი _918161 |
||
| 942 |
_2udc _cᲬᲘᲒᲜᲘ |
||